00995 2200361 4500001002100000005001500021035002000036007000300056040001700059100003300076245007000109250001000179300003400189020002200223041000800245082001000253084001600263090002800279264002800307336002100335337003000356338002300386650001100409700003600420850001000456008004100466990002100507990002100528990002100549990002100570990002100591990002100612INLIS00000000000957220260417085334 a0010-1222000177ta aSBPUPADbind0 aCicik Sri WinartiePengarang1 aInspirasi Flanel Cantik /cCicik Sri Winarti;Editor,Budi Dermawan aCet.1 aiv, 118 hlm. :bilus ;c24 cm a978-602-1010-75-40 aind a745.5 a745.5 CIC i a615.321 HAM s L 17 R 10 aJakarta :bPrima,c2015 2rdacontentateks 2rdamediaatanpa perantara 2rdacarrieravolume 4aFlanel0 aEditor,Budi DermawanePengarang aPUPAD260417 0  a22.492/KAPD/2016 a22.490/KAPD/2016 a22.491/KAPD/2016 a22.494/KAPD/2016 a22.493/KAPD/2016 a22.495/KAPD/2016